To establish a procedure for the conveyance of certain federal property around the Dickinson Reservoir in the state of North Dakota : report together with dissenting views (to accompany H.R. 6038) (including cost estimate of the Congressional Budget Office).

Bibliographic Details
Corporate Author: United States. Congress. House. Committee on Natural Resources (Author)
Format: Government Document eBook
Language:English
Published: [Washington, D.C.] : [U.S. Government Publishing Office], [2018]
Series:Report / 115th Congress, 2d session, House of Representatives ; 115-900
Subjects:
Online Access:PDF version
Text version

MARC

Tag First Indicator Second Indicator Subfields
LEADER 00000cam a2200000 i 4500
001 in00004008421
005 20190506080719.0
006 m o d f
007 cr bn||||a||||
008 180815s2018 dcu ob f000 0 eng c
035 |a (OCoLC)on1048597256 
042 |a pcc 
043 |a n-us-nd 
040 |a GPO  |b eng  |e rda  |e pn  |c GPO  |d GPO  |d OCLCF  |d MERUC  |d GPO  |d MvI 
049 |a WWW 
050 4 |a KF32  |b .N38 2018zzz 
074 |a 1008-I (online) 
086 0 |a Y 1.1/8:115-900 
110 1 |a United States.  |b Congress.  |b House.  |b Committee on Natural Resources,  |e author. 
245 1 0 |a To establish a procedure for the conveyance of certain federal property around the Dickinson Reservoir in the state of North Dakota :  |b report together with dissenting views (to accompany H.R. 6038) (including cost estimate of the Congressional Budget Office). 
264 1 |a [Washington, D.C.] :  |b [U.S. Government Publishing Office],  |c [2018] 
300 |a 1 online resource (9 pages). 
336 |a text  |b txt  |2 rdacontent 
337 |a computer  |b c  |2 rdamedia 
338 |a online resource  |b cr  |2 rdacarrier 
490 1 |a Report / 115th Congress, 2d session, House of Representatives ;  |v 115-900 
588 |a Description based on online resource, PDF version; title from PDF title screen (govinfo web site, viewed on Aug. 15, 2018). 
500 |a "August 14, 2018." 
504 |a Includes bibliographical references. 
650 0 |a Land titles  |x Registration and transfer  |z North Dakota  |z Stark County. 
650 7 |a Land titles  |x Registration and transfer.  |2 fast  |0 (OCoLC)fst00991447 
651 7 |a North Dakota  |z Stark County.  |2 fast  |0 (OCoLC)fst01218088 
655 7 |a Legislative materials.  |2 lcgft 
655 7 |a Legislative materials.  |2 fast  |0 (OCoLC)fst01774285 
776 0 8 |i Print version:  |a United States. Congress. House. Committee on Natural Resources.  |t To establish a procedure for the conveyance of certain federal property around the Dickinson Reservoir in the state of North Dakota  |w (OCoLC)1049568551 
776 0 8 |i Microfiche version:  |a United States. Congress. House. Committee on Natural Resources.  |t To establish a procedure for the conveyance of certain federal property around the Dickinson Reservoir in the state of North Dakota  |w (OCoLC)1085514225 
810 1 |a United States.  |b Congress.  |b House.  |t Report ;  |v 115-900. 
856 4 0 |3 PDF version  |u https://purl.fdlp.gov/GPO/gpo107438  |t 0 
856 4 0 |3 Text version  |u https://purl.fdlp.gov/GPO/gpo107439  |t 0 
999 f f |s bac8cb64-8b3d-3825-b1b7-c65d82617b7f  |i 61d7753f-1682-3e4a-a91c-277f3583bd09  |t 0 
952 f f |a Texas A&M University  |b College Station  |c Electronic Resources  |d Available Online  |t 0  |e Y 1.1/8:115-900  |h Superintendent of Documents classification 
998 f f |a Y 1.1/8:115-900  |t 0  |l Available Online